01661nam a2200289 a 4500001001000000003000900010005001700019007000300036008004100039020001800080040003100098082003200129100004400161245010000205250001200305264008100317300005900398336002700457337003300484338002800517500004200545505058300587650004301170651005101213700004801264710005901312000046623DO-SdBPM20260212120147.0ta140602s2011 dr a 000 0 spa d a9789945405989 aDO-SdBPMbspacBPMSU drda 4a 923.2 7293bD812G 20112221 aNúñez, Juan Gilberto4aut. eautor 10aDuarte en mi corazón de niño /cJuan Gilberto Núñez ; prólogo Juan Daniel Balcácer. a2a. ed. aBogotá, Colombia :bComisión Permanente de Efemérides Patrias,c20121 a100 [12] páginas :bilustraciones, retratos;c25 cm. atextobtxt2rdacontent asin mediaciónbn2rdamedia avolumenbnc2rdacarrier aIncluye datos biográficos del autor0 aDedicatoria -- Prólogo-- Duarte en mi corazón de niño -- Perfil biográfico de Juan Pablo Duarte -- Naciminto y bautizo -- El niño -- Viaje a Norteamerica y Europa -- Retorno a Santo Domingo -- Inicio de la causa libertadorra -- Músico, poeta y soñador -- Procesión de Nuestra Señora del Carmen -- Fundación de La Trinitaria-- La filantrópica -- La dramática Revolución de la reforma -- Persecución y destierro a Curazao -- Labor independentista en el exilio -- De regreso a la reciente República Dominicana -- Entrada triunfal -- El general Duarte. 7aDuarte y Diez, Juan Pablo d1813-1876  7aRepública Dominicana xHistoria y1844-18611 aBalcácer, Juan Daniel,d1949-eprólogo 1 a (República Dominicana.bFundación Luces y Sombras